000 01585cam a22004454i 4500
003 PE-LiUPU
005 20250731172942.0
008 150623s r 000 0 d
020 _a0664252362
035 _a(Sirsi) i9780664252366
040 _aPE-LiUPU
_bspa
_cPE-LiUPU
_erda
049 _aPRUA
082 0 4 _a220.6
_bE36
_221
245 0 0 _aTo each its own meaning :
_ban introduction to biblical criticisms and their application /
_ceditado por Haynes, Stephen R. y McKenzie, Steven L.
264 1 _aKentucky :
_bWestminster/John Knox Press,
_c1993.
300 _a251 páginas ;
_c23 centímetros
336 _atext
_2rdacontent
337 _aunmediated
_2rdamedia
338 _avolume
_2rdacarrier
504 _aBibliografía al final de cada capítulo.
505 0 _aTraditional methods of biblical criticism. -Expanding the tradition. -Overturning the tradition.
526 _aSEG42
526 _aSEG41
526 _aSEG40
526 _aSEG39
526 _aP94
526 _aP87
526 _aP86
526 _aP85
526 _aP77
526 _aP76
526 _aP35
630 _aBiblia
_xCrítica, interpretación, etc.
_xHistoria.
942 _2ddc
_cBOOK
949 _a220.6 E36
_wDEWEY
_c1
_i44637
_lCCODEBUL1
_mBUL
_r0
_sY
_tBOOK
_u2015-6-24
_xTEOLOGIA
_PP35
_0COMPRA
_o.STAFF. Colección General
994 _aC0
_bPEPRU
596 _a1
999 _a220.6 E36
_wDEWEY
_c21495
_i44637
_f2021-11-9
_g5
_lCCODEBUL1
_mBUL
_r0
_sY
_tBOOK
_u2015-6-24
_xTEOLOGIA
_PP35
_0COMPRA
_o.STAFF. Colección General
_d21495
980 _81
_gALBERTO SANCHEZ Responsable de Automatización